[Event "IECG TE.2006.S.02301 email"]
[Site "IECG email"]
[Date "2008.03.01"]
[Round "?"]
[White "Deschamp, Guy"]
[Black "Bertel, Michael"]
[Result "0-1"]
[WhiteElo "2367"]
[BlackElo "1808"]
[PlyCount "62"]
[EventDate "2008.03.01"]
[EventType "tourn (corr)"]
[EventRounds "12"]
[SourceTitle "Corr 2024"]
[Source "ChessBase"]
[SourceDate "2023.10.19"]
[SourceVersion "1"]
[SourceVersionDate "2023.10.19"]
[SourceQuality "1"]

1. e4 c5 2. c3 d5 3. exd5 Qxd5 4. d4 cxd4 5. cxd4 e5 6. Nf3 exd4 7. Qxd4 Qxd4 8. Nxd4 Bc5 9. Nb5 Na6 10. N1c3 Nf6 11. Be2 Bg4 12. Bg5 Bxe2 13. Kxe2 0-0-0 14. Rhd1 Nc7 15. Bxf6 gxf6 16. Rxd8+ Rxd8 17. Rc1 Rd7 18. Nxc7 Rxc7 19. Nd5 Rc6 20. b4 Bd6 21. Rxc6+ bxc6 22. Nxf6 Bxb4 23. Nxh7 Be7 24. f4 Kd7 25. g4 f6 26. f5 Ke8 27. h4 Kf7 28. g5 fxg5 29. hxg5 Bd8 30. g6+ Kg7 31. Kf2 Bb6+ 0-1

[Event "IECG TE.2006.S.02301 email"]
[Site "IECG email"]
[Date "2008.03.01"]
[Round "?"]
[White "Deschamp, Guy"]
[Black "Warren, Robert"]
[Result "0-1"]
[WhiteElo "2367"]
[BlackElo "2081"]
[PlyCount "84"]
[EventDate "2008.03.01"]
[EventType "tourn (corr)"]
[EventRounds "12"]
[SourceTitle "Corr 2024"]
[Source "ChessBase"]
[SourceDate "2023.10.19"]
[SourceVersion "1"]
[SourceVersionDate "2023.10.19"]
[SourceQuality "1"]

1. e4 c5 2. c3 d5 3. exd5 Qxd5 4. d4 Nf6 5. dxc5 Qxc5 6. Nf3 e5 7. Na3 a6 8. Be3 Qc7 9. Qb3 e4 10. Ng5 Bxa3 11. Qxa3 h6 12. Nh3 Bxh3 13. gxh3 Nbd7 14. 0-0-0 0-0-0 15. Be2 Ne5 16. Qb4 Nc6 17. Qc5 Qe5 18. Qc4 Rd5 19. Rhg1 g5 20. h4 gxh4 21. Rg7 Rxd1+ 22. Bxd1 Nd5 23. Bd4 Qf4+ 24. Kb1 Rd8 25. Ba4 Qf3 26. a3 Qd3+ 27. Qxd3 exd3 28. Bxc6 bxc6 29. Kc1 Re8 30. Kd2 Re2+ 31. Kxd3 Nf4+ 32. Kc4 Ne6 33. Rxf7 Nxd4 34. Kxd4 Rxb2 35. Kc5 Rb3 36. c4 Rxa3 37. Kxc6 Kd8 38. Rf4 h3 39. Rd4+ Ke7 40. Re4+ Kd8 41. Re3 Ra2 42. Rxh3 Rxf2 0-1

[Event "IECG TE.2006.S.02301 email"]
[Site "IECG email"]
[Date "2008.03.01"]
[Round "1"]
[White "Lahdenmaeki, Leo"]
[Black "Deschamp, Guy"]
[Result "1/2-1/2"]
[WhiteElo "2079"]
[BlackElo "2367"]
[PlyCount "38"]
[EventDate "2008.03.01"]
[EventType "tourn (corr)"]
[EventRounds "12"]
[SourceTitle "Corr 2024"]
[Source "ChessBase"]
[SourceDate "2023.10.19"]
[SourceVersion "1"]
[SourceVersionDate "2023.10.19"]
[SourceQuality "1"]

1. e4 c5 2. c3 Nf6 3. e5 Nd5 4. Nf3 Nc6 5. Bc4 Nb6 6. Bb3 d5 7. exd6 c4 8. Bc2 Bg4 9. 0-0 Qxd6 10. d4 cxd3 11. Bxd3 Rd8 12. Be2 Qxd1 13. Rxd1 Rxd1+ 14. Bxd1 e6 15. a4 a5 16. Be2 Bd6 17. Na3 Bc5 18. Nc2 Ke7 19. Be3 Bxe3 1/2-1/2

[Event "IECG TE.2006.S.02301 email"]
[Site "IECG email"]
[Date "2008.03.01"]
[Round "?"]
[White "Schnoewitz, Brigitte"]
[Black "Deschamp, Guy"]
[Result "0-1"]
[WhiteElo "1256"]
[BlackElo "2367"]
[PlyCount "56"]
[EventDate "2008.03.01"]
[EventType "tourn (corr)"]
[EventRounds "12"]
[SourceTitle "Corr 2024"]
[Source "ChessBase"]
[SourceDate "2023.10.19"]
[SourceVersion "1"]
[SourceVersionDate "2023.10.19"]
[SourceQuality "1"]

1. e4 c5 2. c3 Nf6 3. Qc2 Nc6 4. Nf3 e6 5. d4 cxd4 6. cxd4 Nb4 7. Qe2 d5 8. Nc3 dxe4 9. Nxe4 Nxe4 10. Qxe4 Bd7 11. Bd3 Bc6 12. Qe2 Nxd3+ 13. Qxd3 Qb6 14. 0-0 Bb5 15. Qd1 Bxf1 16. Qxf1 Be7 17. b3 Rc8 18. Be3 Qa5 19. Qe2 0-0 20. Ne5 Qd5 21. Rd1 Qe4 22. h3 Rc2 23. Rd2 Rxd2 24. Qxd2 Rc8 25. Qa5 a6 26. Kh2 Bd8 27. Qa4 Bc7 28. g3 Bxe5 0-1

[Event "IECG TE.2004.F.01500 email"]
[Site "IECG email"]
[Date "2007.11.22"]
[Round "?"]
[White "Rey, Manny"]
[Black "Deschamp, Guy"]
[Result "1-0"]
[WhiteElo "2333"]
[BlackElo "2356"]
[PlyCount "61"]
[EventDate "2007.11.22"]
[EventType "tourn (corr)"]
[EventRounds "14"]
[SourceTitle "Corr 2024"]
[Source "ChessBase"]
[SourceDate "2023.10.19"]
[SourceVersion "1"]
[SourceVersionDate "2023.10.19"]
[SourceQuality "1"]

1. e4 e6 2. d4 d5 3. Nc3 Nf6 4. Bg5 Bb4 5. e5 h6 6. Bd2 Bxc3 7. bxc3 Ne4 8. Qg4 g6 9. Bd3 Bd7 10. h4 Nxd2 11. Kxd2 c5 12. h5 g5 13. f4 Nc6 14. fxg5 Qa5 15. Nf3 cxd4 16. Nxd4 Nxe5 17. Qf4 Nc4+ 18. Bxc4 dxc4 19. gxh6 0-0-0 20. Rae1 Bc6 21. Re5 Qc7 22. Kc1 Bxg2 23. Rg1 Bc6 24. Qe3 Bd5 25. Rg7 Qe7 26. h7 a6 27. Kb2 Qf8 28. h6 Qe7 29. Rf5 Qc5 30. Rfxf7 e5 31. Rc7+ 1-0

[Event "IECG TE.2006.P.02301 email"]
[Site "IECG email"]
[Date "2006.12.20"]
[Round "?"]
[White "Degterev, Pavel"]
[Black "Deschamp, Guy"]
[Result "1/2-1/2"]
[WhiteElo "2113"]
[BlackElo "2387"]
[PlyCount "93"]
[EventDate "2006.12.20"]
[EventType "tourn (corr)"]
[EventRounds "12"]
[SourceTitle "Corr 2024"]
[Source "ChessBase"]
[SourceDate "2023.10.19"]
[SourceVersion "1"]
[SourceVersionDate "2023.10.19"]
[SourceQuality "1"]

1. e4 c5 2. c3 Nf6 3. e5 Nd5 4. d4 cxd4 5. Nf3 Nc6 6. cxd4 d6 7. Bc4 Nb6 8. Bb5 dxe5 9. Nxe5 Bd7 10. Nxd7 Qxd7 11. Nc3 Rd8 12. 0-0 a6 13. Bxc6 Qxc6 14. Be3 e6 15. Rc1 Nd5 16. h3 Be7 17. Qb3 Qd7 18. Rfe1 Nxe3 19. fxe3 0-0 20. Na4 Bd6 21. Nc5 Qe7 22. Ne4 Bb8 23. Re2 b5 24. Rec2 b4 25. Rc6 Qh4 26. Nd2 a5 27. R6c5 Ba7 28. Nf3 Qh6 29. Rc6 Bb8 30. Qd3 Bg3 31. R1c5 a4 32. Rg5 Bd6 33. Ra5 a3 34. bxa3 bxa3 35. Raa6 Be7 36. Rc7 Bb4 37. Kf2 Rb8 38. Qe4 Rfc8 39. Qc6 Rd8 40. Rb6 Qf6 41. Rbb7 Rxb7 42. Rxb7 Bd6 43. e4 Bf8 44. e5 Qf4 45. g3 Qf5 46. g4 Qf4 47. Qc3 1/2-1/2

[Event "IECG TE.2006.P.02301 email"]
[Site "IECG email"]
[Date "2006.12.20"]
[Round "?"]
[White "Deschamp, Guy"]
[Black "Degterev, Pavel"]
[Result "1-0"]
[WhiteElo "2387"]
[BlackElo "2113"]
[PlyCount "61"]
[EventDate "2006.12.20"]
[EventType "tourn (corr)"]
[EventRounds "12"]
[SourceTitle "Corr 2024"]
[Source "ChessBase"]
[SourceDate "2023.10.19"]
[SourceVersion "1"]
[SourceVersionDate "2023.10.19"]
[SourceQuality "1"]

1. e4 c5 2. c3 b6 3. d4 Bb7 4. f3 e6 5. Be3 Nc6 6. a3 d5 7. e5 c4 8. f4 Nh6 9. Qh5 g6 10. Qe2 b5 11. Nd2 Bg7 12. g3 0-0 13. h4 Qa5 14. Rb1 Nf5 15. Bf2 Rad8 16. h5 h6 17. g4 Nfe7 18. Bh4 Qa4 19. Rc1 Rfe8 20. g5 Nf5 21. gxh6 Bxh6 22. hxg6 fxg6 23. Bf6 b4 24. Ndf3 Rf8 25. Bh3 Ng7 26. Qg2 Kf7 27. Ng5+ Bxg5 28. Qxg5 Nxd4 29. Bxg7 Kxg7 30. Bg4 Qd7 31. cxd4 1-0

[Event "IECG TE.2006.P.02301 email"]
[Site "IECG email"]
[Date "2006.12.20"]
[Round "?"]
[White "Martins, Karin"]
[Black "Deschamp, Guy"]
[Result "0-1"]
[WhiteElo "1479"]
[BlackElo "2387"]
[PlyCount "60"]
[EventDate "2006.12.20"]
[EventType "tourn (corr)"]
[EventRounds "12"]
[SourceTitle "Corr 2024"]
[Source "ChessBase"]
[SourceDate "2023.10.19"]
[SourceVersion "1"]
[SourceVersionDate "2023.10.19"]
[SourceQuality "1"]

1. e4 c5 2. c3 Nf6 3. e5 Nd5 4. d4 cxd4 5. Nf3 e6 6. cxd4 d6 7. a3 Nd7 8. Bd3 dxe5 9. dxe5 Qc7 10. 0-0 a6 11. Be4 N7b6 12. Bd2 Bd7 13. Ba5 Bb5 14. Re1 Qd7 15. b3 Bc5 16. b4 Nc4 17. bxc5 Nxa5 18. Nd4 Rd8 19. Qf3 0-0 20. Qg3 Nf4 21. Qh4 h6 22. Nf3 Ne2+ 23. Kh1 Nb3 24. a4 Nxa1 25. axb5 Nd4 26. bxa6 bxa6 27. c6 Nxf3 28. gxf3 Qc7 29. Na3 Kh8 30. Rxa1 Qxe5 0-1

[Event "LSS WC-2009-S-00010"]
[Site "LSS email"]
[Date "2006.09.06"]
[Round "?"]
[White "Engelhard, Christof"]
[Black "Deschamp, Guy"]
[Result "1/2-1/2"]
[WhiteElo "2114"]
[BlackElo "2378"]
[PlyCount "131"]
[EventDate "2006.09.06"]
[EventType "tourn (corr)"]
[EventRounds "10"]
[EventCountry "GER"]
[SourceTitle "Corr 2024"]
[Source "ChessBase"]
[SourceDate "2023.10.19"]
[SourceVersion "1"]
[SourceVersionDate "2023.10.19"]
[SourceQuality "1"]

1. e4 c5 2. Nc3 Nc6 3. g3 g6 4. Bg2 e6 5. d3 Bg7 6. Be3 Qa5 7. Qd2 Nd4 8. Nf3 d6 9. Rc1 Ne7 10. 0-0 Nec6 11. Nh4 Bd7 12. f4 f5 13. exf5 Nxf5 14. Nxf5 gxf5 15. a3 h5 16. Rb1 Nd4 17. Bxb7 Rb8 18. Bg2 h4 19. Qf2 hxg3 20. hxg3 Ke7 21. Na2 Bc6 22. c3 Bxg2 23. Kxg2 Nb3 24. Qf3 Qb5 25. Rbd1 a5 26. Nc1 Nxc1 27. Bxc1 Qb3 28. Rfe1 Rh6 29. Rh1 Rxh1 30. Kxh1 Rh8+ 31. Kg1 Kd7 32. Rd2 Kc7 33. Qd1 Qa2 34. Rf2 Bf6 35. Be3 Rb8 36. Qc1 Qd5 37. Qd2 Rg8 38. Rg2 Qf3 39. Qf2 Qd1+ 40. Qf1 Qb3 41. Qe1 Kd7 42. Rh2 Rg7 43. Rh6 Ke7 44. d4 cxd4 45. cxd4 Qxb2 46. Bf2 Qb7 47. Qe2 Qe4 48. Kf1 Qxe2+ 49. Kxe2 d5 50. a4 Kf7 51. Rh8 Rxg3 52. Ra8 Rb3 53. Rxa5 Rb2+ 54. Kf3 Rb4 55. Ra8 Bxd4 56. Bxd4 Rxd4 57. a5 Rd3+ 58. Ke2 Ra3 59. a6 Kg6 60. a7 Kg7 61. Kf2 Ra4 62. Ke3 d4+ 63. Kd3 Kh7 64. Kd2 Ra3 65. Kc2 Kg7 66. Kd2 1/2-1/2

[Event "IECG SH.2006.0.00067"]
[Site "IECG email"]
[Date "2006.07.08"]
[Round "?"]
[White "Deschamp, Guy"]
[Black "Wurschner, Miroslav"]
[Result "1-0"]
[WhiteElo "2378"]
[BlackElo "2255"]
[PlyCount "85"]
[EventDate "2006.07.08"]
[EventType "tourn (corr)"]
[EventRounds "6"]
[SourceTitle "Corr 2008"]
[Source "ChessBase"]
[SourceDate "2008.06.24"]
[SourceVersion "1"]
[SourceVersionDate "2008.06.24"]
[SourceQuality "1"]

1. e4 c5 2. c3 Nf6 3. e5 Nd5 4. Nf3 Nc6 5. Bc4 Nb6 6. Bb3 c4 7. Bc2 Qc7 8. Qe2 g5 9. h3 Bg7 10. 0-0 Nxe5 11. Nxg5 h6 12. Ne4 d5 13. Ng3 Rg8 14. Re1 d4 15. d3 cxd3 16. Bxd3 Nxd3 17. Qxd3 Be6 18. cxd4 0-0-0 19. Be3 Kb8 20. Nc3 Nd5 21. Nxd5 Bxd5 22. Rac1 Qd7 23. Qf5 e6 24. Qf4+ Ka8 25. Rc7 Qa4 26. Rec1 f5 27. Nh5 Bh8 28. g3 Bc6 29. Qxh6 Bxd4 30. b3 Qa5 31. R7xc6 bxc6 32. Bxd4 Rxd4 33. Qxe6 Qd5 34. Qxc6+ Qxc6 35. Rxc6 Rd2 36. Rf6 Rxa2 37. Rxf5 Rb2 38. Nf6 Rh8 39. h4 Rxb3 40. h5 a6 41. g4 Rb5 42. Rxb5 axb5 43. g5 1-0

[Event "IECG TE.2006.P.02201"]
[Site "IECG email"]
[Date "2006.06.19"]
[Round "?"]
[White "Deschamp, Guy"]
[Black "Sen, Tuncay"]
[Result "1-0"]
[WhiteElo "2375"]
[BlackElo "1820"]
[PlyCount "71"]
[EventDate "2006.06.19"]
[EventType "tourn (corr)"]
[EventRounds "2"]
[SourceTitle "Corr 2024"]
[Source "ChessBase"]
[SourceDate "2023.10.19"]
[SourceVersion "1"]
[SourceVersionDate "2023.10.19"]
[SourceQuality "1"]

1. d4 f5 2. e4 fxe4 3. Nc3 Nf6 4. Bg5 c6 5. f3 Qb6 6. fxe4 Qxb2 7. Bd2 d5 8. Rb1 Qa3 9. Rb3 Qd6 10. e5 Qe6 11. Nh3 Ne4 12. Nxe4 dxe4 13. Nf4 Qf7 14. Be2 b6 15. 0-0 Qg8 16. d5 e6 17. dxc6 Nxc6 18. Bb4 Bxb4 19. Rxb4 Bd7 20. Bb5 0-0-0 21. Ba6+ Kb8 22. Qd6+ Ka8 23. Qc7 Na5 24. Rxb6 axb6 25. Qxb6 Bc6 26. Bb5 Bb7 27. Nxe6 Rc8 28. Qxa5+ Kb8 29. Qb6 Rxc2 30. Ba6 Qc8 31. Rf7 Rc1+ 32. Kf2 Rc2+ 33. Kg3 Qc3+ 34. Kh4 Qe1+ 35. Kh3 Qc3+ 36. g3 1-0

[Event "IECG TE.2003.F.01200 email"]
[Site "IECG email"]
[Date "2006.05.20"]
[Round "?"]
[White "Deschamp, Guy"]
[Black "Djoudi, Amar"]
[Result "1-0"]
[WhiteElo "2375"]
[BlackElo "2321"]
[PlyCount "57"]
[EventDate "2006.05.20"]
[EventType "tourn (corr)"]
[EventRounds "2"]
[SourceTitle "Corr 2008"]
[Source "ChessBase"]
[SourceDate "2008.06.24"]
[SourceVersion "1"]
[SourceVersionDate "2008.06.24"]
[SourceQuality "1"]

1. e4 d5 2. exd5 Qxd5 3. Nc3 Qd6 4. d4 Nf6 5. Nf3 a6 6. g3 Bg4 7. h3 Bh5 8. Bg2 Nc6 9. Bf4 Qb4 10. g4 Bg6 11. Qc1 e6 12. Bxc7 Qe7 13. Bh2 Nb4 14. 0-0 Nxc2 15. Rb1 Rd8 16. Qd2 Qb4 17. Rfd1 Bd6 18. Ne5 Bxe5 19. Bxe5 0-0 20. Rbc1 Nd7 21. Bg3 Qxb2 22. Be4 Bxe4 23. Nxe4 Rc8 24. Nc5 Qxa2 25. Nxd7 Rfd8 26. Nf6+ gxf6 27. Bh4 Nb4 28. Qxb4 a5 29. Qe7 1-0

[Event "IECG TE.2003.F.01200 email"]
[Site "IECG email"]
[Date "2006.05.20"]
[Round "2"]
[White "Ottenweller, Wolfgang"]
[Black "Deschamp, Guy"]
[Result "0-1"]
[WhiteElo "1968"]
[BlackElo "2375"]
[PlyCount "118"]
[EventDate "2006.05.20"]
[EventType "tourn (corr)"]
[EventRounds "2"]
[SourceTitle "Corr 2024"]
[Source "ChessBase"]
[SourceDate "2023.10.19"]
[SourceVersion "1"]
[SourceVersionDate "2023.10.19"]
[SourceQuality "1"]

1. e4 d5 2. exd5 Qxd5 3. Nc3 Qd6 4. d4 Nf6 5. Nf3 a6 6. Bd3 Bg4 7. Ne4 Nxe4 8. Bxe4 f5 9. Bd3 Nc6 10. h3 Bxf3 11. Qxf3 g6 12. Bf4 Qxd4 13. c3 Qc5 14. 0-0-0 0-0-0 15. Be3 Qa5 16. Bc4 Bg7 17. Qe2 Rd6 18. Bb3 Rhd8 19. Rxd6 cxd6 20. Rd1 d5 21. Bg5 d4 22. Bxe7 Nxe7 23. Qxe7 Qc7 24. Qxc7+ Kxc7 25. Kc2 Re8 26. cxd4 Re2+ 27. Kc3 Rxf2 28. Re1 Bf6 29. Bd5 Rf4 30. Rd1 g5 31. Rd3 g4 32. a4 b5 33. axb5 axb5 34. hxg4 fxg4 35. g3 Rf2 36. Rd1 Rh2 37. Rh1 Rh3 38. Rxh3 gxh3 39. g4 Kd6 40. Bf3 h6 41. b3 h2 42. Bg2 Ke6 43. Kd3 b4 44. Ke4 Be7 45. Bf3 Kf6 46. Kf4 Bd6+ 47. Ke4 Kg5 48. Kd5 Kf4 49. Bh1 Bf8 50. Ke6 Kxg4 51. d5 h5 52. d6 Bh6 53. d7 Bg5 54. Kf7 h4 55. Ke6 Kg3 56. Kf7 Kf2 57. Kg6 Bd8 58. Kh5 Kg1 59. Bf3 h1Q 0-1